000
00279nam a2200109Ia 4500
001
1272376
005
20260417151427.0
008
260417s9999 xx 000 0 und d
020
_a
9786256999985
245
0
_a
Yürekdede ile Padişah
_c
Cahit Zarifoğlu
260
_b
Ketebe Çocuk
999
_c
1272376
_d
1272376